000 00206 a2200109 4500
020 _a9781935955597
041 _aspa
100 _aXavier garza
245 _aLucha libre sequel
942 _cBK
952 _71
999 _c22392
_d22392